Genealogicko-heraldický hlas samostatná príloha Hlasu Matice slovenskej venovaná genealógii, heraldike a príbuzným disciplínam
| Other Authors: | |
|---|---|
| Format: | Journal |
| Language: | Slovak |
| PhysicalDescription: | zv. 21 cm |
| Published: |
Martin
Matica slovenská
1991-
Martin Slovenská genealogicko-heraldická spoločnosť pri Matici slovenskej Martin Slovenská genealogicko-heraldická spoločnosť |
| ISSN: | 1335-0137 |
| Subjects: |
MARC
| LEADER | 00000cas a2200000 a 4500 | ||
|---|---|---|---|
| 001 | vtls001285275 | ||
| 003 | SK-MaSNL | ||
| 005 | 20260228163756.0 | ||
| 008 | 970430c19919999xo fr p 0 0b0slo | ||
| 022 | |a 1335-0137 | ||
| 035 | |a SNK000236792 | ||
| 035 | |a (SVKBB03)vtls000047988 | ||
| 040 | |a SNK |b slo |c SNK |d SAVUK |e AACR2 | ||
| 041 | 0 | |a slo |b ger |b eng | |
| 044 | |a xo |c SK | ||
| 072 | 7 | |a 929.5/.9 |x Genealógia. Heraldika. Šľachta. Vlajky |2 konspekt | |
| 080 | |a 050 |2 2011 | ||
| 080 | |a 929.5 |2 2011 | ||
| 080 | |a 929.6 |2 2011 | ||
| 080 | |a (051)-027.561 |2 2011 | ||
| 210 | 0 | |a Geneal.-herald. hlas | |
| 222 | 0 | |a Genealogicko-heraldický hlas | |
| 245 | 0 | 0 | |a Genealogicko-heraldický hlas |b samostatná príloha Hlasu Matice slovenskej venovaná genealógii, heraldike a príbuzným disciplínam |
| 260 | |a Martin |b Matica slovenská |c 1991- | ||
| 260 | 2 | |3 1992-2001 |a Martin |b Slovenská genealogicko-heraldická spoločnosť pri Matici slovenskej | |
| 260 | 3 | |3 2002- |a Martin |b Slovenská genealogicko-heraldická spoločnosť | |
| 300 | |a zv. |c 21 cm | ||
| 310 | |a 2x ročne | ||
| 362 | 0 | |a Roč. I, č. 1 (1991)- | |
| 500 | |a Zost. a zodp. red.: 1991- , Milan Šišmiš | ||
| 500 | |a Podnázov: 1992-1/2001, časopis Slovenskej genealogicko-heraldickej spoločnosti pri Matici slovenskej ; 2/2001, časopis Slovenskej genealogicko-heraldickej spoločnosti ; 2002-?, časopis Slovenskej genealogicko-heraldickej spoločnosti a Kabinetu genealógie Slovenskej národnej knižnice ; ?- , časopis Slovenskej genealogicko-heraldickej spoločnosti a Slovenskej národnej knižnice - Národného biografického ústavu | ||
| 515 | |a Niektoré čísla vychádzajú ako dvojčíslo | ||
| 546 | |a Res. angl., nem. | ||
| 550 | |a 2000-1/2001 vydáva Slovenská genealogicko-heraldická spoločnosť pri Matici slovenskej v spolupr. s Vydavateľstvom Matice slovenskej, Martin | ||
| 550 | |a 2/2001 vydala Slovenská genealogicko-heraldická spoločnosť v spolupr. s Kabinetom genealógie Slovenskej národnej knižnice a Vydavateľstvom Matice slovenskej, Martin | ||
| 550 | |a 2002- vydáva Slovenská genealogicko-heraldická spoločnosť, Martin | ||
| 610 | 2 | 7 | |a Slovenská genealogicko-heraldická spoločnosť (Martin, Slovensko) |2 SNKKA |9 95965 |
| 650 | 0 | 7 | |a genealógia |2 SNKPH |9 4978 |
| 650 | 0 | 7 | |a heraldika |2 SNKPH |9 3642 |
| 655 | 7 | |a odborné časopisy |2 SNKPH |9 70505 | |
| 700 | 1 | |a Šišmiš, Milan, |d 1964- |4 com |4 lso |9 97660 | |
| 710 | 2 | |a Slovenská genealogicko-heraldická spoločnosť (Martin, Slovensko) |4 pbl |9 95965 | |
| 710 | 2 | |a Matica slovenská |4 pbl |9 14662 | |
| 910 | |a savuk | ||
| 910 | |a snk | ||
| 916 | |a 1991-2013, 2014-2016, 2017-2018, 2019, 2020 | ||
| 999 | |c 10849 |d 12779 | ||
| 952 | |0 0 |1 0 |4 0 |7 0 |a SNK |b SNK |d 1997-04-30 |l 0 |o snkČSD 1920/1/1991 D1 |p 17A0064542 |r 2005-01-02 00:00:00 |t č. 1-2 |w 2026-02-21 |y PREZ | ||
| 952 | |0 0 |1 0 |4 0 |7 0 |8 0 |a SNK |b SNK |d 2011-05-19 |i snk2011/11506 |l 0 |o snkČSD 1920/7/1997 D1 |p 17A1317510 |r 2026-02-21 19:57:10 |t č. 1-2 |w 2026-02-21 |y PREZ | ||
| 952 | |0 0 |1 0 |4 0 |7 0 |8 0 |a SNK |b SNK |d 2011-05-19 |i snk2011/11509 |l 0 |o snkČSD 1920/14/2004 D1 |p 17A0679708 |r 2026-02-21 19:57:10 |t č. 1-2 |w 2026-02-21 |y PREZ | ||
| 952 | |0 0 |1 0 |4 0 |7 0 |8 0 |a SNK |b SNK |d 2011-05-19 |i snk2011/11511 |l 0 |o snkČSD 1920/15/2005 D1 |p 17A0679709 |r 2026-02-21 19:57:10 |t č. 1-2 |w 2026-02-21 |y PREZ | ||
| 952 | |0 0 |1 0 |4 0 |7 0 |8 0 |a SNK |b SNK |d 2011-05-19 |i snk2011/11513 |l 0 |o snkČSD 1920/16/2006 D1 |p 17A0679710 |r 2026-02-21 19:57:10 |t č. 1-2 |w 2026-02-21 |y PREZ | ||
| 952 | |0 0 |1 0 |4 0 |7 0 |8 0 |a SNK |b SNK |d 2011-05-19 |i snk2011/11516 |l 0 |o snkČSD 1920/17/2007 D1 |p 17A0679712 |r 2026-02-21 19:57:10 |t č. 1-2 |w 2026-02-21 |y PREZ | ||
| 952 | |0 0 |1 0 |4 0 |7 0 |8 0 |a SNK |b SNK |d 2011-05-19 |i snk2011/11519 |l 0 |o snkČSD 1920/18/2008 D1 |p 17A0679844 |r 2026-02-21 19:57:10 |t č. 1-2 |w 2026-02-21 |y PREZ | ||
| 952 | |0 0 |1 0 |4 0 |7 0 |8 0 |a SNK |b SNK |d 2011-05-19 |i snk2011/11520 |l 0 |o snkČSD 1920/19/2009 D1 |p 17A0679716 |r 2026-02-21 19:57:10 |t č. 1-2 |w 2026-02-21 |y PREZ | ||
| 952 | |0 0 |1 0 |4 0 |7 0 |8 0 |a SNK |b SNK |d 2011-04-15 |f 1 |i snk2011/8798 |l 0 |o snkČSD 1920/15/2005 |p 17A0679702 |r 2026-02-21 20:06:05 |t č. 1-2 |w 2026-02-21 |y PREZ | ||
| 952 | |0 0 |1 0 |4 0 |7 0 |8 0 |a SNK |b SNK |d 2011-04-15 |f 1 |i snk2011/8799 |l 0 |o snkČSD 1920/16/2006 |p 17A0679703 |r 2026-02-21 20:06:05 |t č. 1-2 |w 2026-02-21 |y PREZ | ||
| 952 | |0 0 |1 0 |4 0 |7 0 |8 0 |a SNK |b SNK |d 2011-04-15 |f 1 |i snk2011/8800 |l 0 |o snkČSD 1920/17/2007 |p 17A0679704 |r 2026-02-21 20:06:05 |t č. 1-2 |w 2026-02-21 |y PREZ | ||
| 952 | |0 0 |1 0 |4 0 |7 0 |8 0 |a SNK |b SNK |d 2011-04-15 |f 1 |i snk2011/8801 |l 0 |o snkČSD 1920/18/2008 |p 17A0679705 |r 2026-02-21 20:06:05 |t č. 1-2 |w 2026-02-21 |y PREZ | ||
| 952 | |0 0 |1 0 |4 0 |7 0 |8 0 |a SNK |b SNK |d 2011-04-15 |f 1 |i snk2011/8802 |l 0 |o snkČSD 1920/19/2009 |p 17A0679706 |r 2026-02-21 20:06:06 |t č. 1-2 |w 2026-02-21 |y PREZ | ||
| 952 | |0 0 |1 0 |4 0 |7 0 |8 0 |a SNK |b SNK |d 2011-04-15 |f 1 |i snk2011/8803 |l 0 |o snkČSD 1920/20/2010 |p 17A0679707 |r 2026-02-21 20:06:06 |t č. 1-2 |w 2026-02-21 |y PREZ | ||
| 952 | |0 0 |1 0 |4 0 |7 0 |8 1 |a SNK |b SNK |d 2011-04-18 |f 1 |i snk2011/8883 |l 0 |o snkČSD 1920/7/1997 |p 17A0679717 |r 2026-02-21 20:06:12 |t č. 1-2 |w 2026-02-21 |y PREZ | ||
| 952 | |0 0 |1 0 |4 0 |7 0 |8 0 |a SNK |b SNK |d 2011-04-15 |f 1 |i snk2011/8795 |l 0 |o snkČSD 1920/14/2004 |p 17A0679701 |r 2026-02-21 20:07:15 |t č. 1-2 |w 2026-02-21 |y PREZ | ||
| 952 | |0 0 |1 0 |4 0 |7 0 |a SNK |b SNK |d 2011-07-28 |i snkČSP 2593/2000 |l 0 |o snkČSD 1920/4/1994 D1 |p 17A0708929 |r 2026-02-21 20:09:07 |t č. 1-2 |w 2026-02-21 |y PREZ | ||
| 952 | |0 0 |1 0 |4 0 |7 0 |8 0 |a SNK |b SNK |d 2007-04-30 |i snk2007/11458 |l 0 |o snkČSD 1920/13/2003 D1 |p 17A0524618 |r 2026-02-21 20:14:49 |t č. 1-2 |w 2026-02-21 |y PREZ | ||
| 952 | |0 0 |1 0 |4 0 |7 0 |a SNK |b SNK |d 2003-04-25 |f 1 |i snkČSP 2587/2000 |l 0 |o snkČSD 1920/8/1998 |p 17A0379572 |r 2005-01-02 00:00:00 |t č. 1-2 |w 2026-02-21 |y PREZ | ||
| 952 | |0 0 |1 0 |4 0 |7 0 |8 0 |a SNK |b SNK |d 2007-04-30 |f 1 |i snk2007/11448 |l 0 |o snkČSD 1920/10/2000 |p 17A0463253 |r 2026-02-21 20:20:02 |t č. 1-2 |w 2026-02-21 |y PREZ | ||
| 952 | |0 0 |1 0 |4 0 |7 0 |8 0 |a SNK |b SNK |d 2007-04-30 |i snk2007/11450 |l 0 |o snkČSD 1920/10/2000 D1 |p 17A1317509 |r 2026-02-21 20:20:02 |t č. 1-2 |w 2026-02-21 |y PREZ | ||
| 952 | |0 0 |1 0 |4 0 |7 0 |8 0 |a SNK |b SNK |d 2007-04-30 |f 1 |i snk2007/11453 |l 0 |o snkČSD 1920/11/2001 |p 17A0463255 |r 2026-02-21 20:20:02 |t č. 1-2 |w 2026-02-21 |y PREZ | ||
| 952 | |0 0 |1 0 |4 0 |7 0 |8 0 |a SNK |b SNK |d 2007-04-30 |i snk2007/11454 |l 0 |o snkČSD 1920/11/2001 D1 |p 17A0463256 |r 2026-02-21 20:20:02 |t č. 1-2 |w 2026-02-21 |y PREZ | ||
| 952 | |0 0 |1 0 |4 0 |7 0 |8 0 |a SNK |b SNK |d 2007-04-30 |f 1 |i snk2007/11455 |l 0 |o snkČSD 1920/12/2002 |p 17A0463257 |r 2026-02-21 20:20:02 |t č. 1-2 |w 2026-02-21 |y PREZ | ||
| 952 | |0 0 |1 0 |4 0 |7 0 |8 0 |a SNK |b SNK |d 2007-04-30 |i snk2007/11456 |l 0 |o snkČSD 1920/12/2002 D1 |p 17A0463258 |r 2026-02-21 20:20:02 |t č. 1-2 |w 2026-02-21 |y PREZ | ||
| 952 | |0 0 |1 0 |4 0 |7 0 |8 0 |a SNK |b SNK |d 2007-04-30 |f 1 |i snk2007/11457 |l 0 |o snkČSD 1920/13/2003 |p 17A0477123 |r 2026-02-21 20:20:02 |t č. 1-2 |w 2026-02-21 |y PREZ | ||
| 952 | |0 0 |1 0 |4 0 |7 0 |a SNK |b SNK |d 2012-09-14 |i snk2000/2589 |l 0 |o snkČSD 1920/6/1996 D1 |p 17A1020309 |r 2026-02-21 20:30:32 |t č. 1-2 |w 2026-02-21 |y PREZ | ||
| 952 | |0 0 |1 0 |4 0 |7 0 |a SNK |b SNK |d 2008-09-12 |i snkČSP 2000/2591 |l 0 |o snkČSD 1920/3/1993 D1 |p 17A0597645 |r 2026-02-21 20:39:23 |t č. 1-2 |w 2026-02-21 |y PREZ | ||
| 952 | |0 0 |1 0 |4 0 |7 0 |a SNK |b SNK |d 1997-04-30 |l 0 |o snkČSD 1920/2/1992 D1 |p 17A0064539 |r 2005-01-02 00:00:00 |t č. 1-2 |w 2026-02-21 |y PREZ | ||
| 952 | |0 0 |1 0 |4 0 |7 0 |a SNK |b SNK |d 2002-03-05 |f 1 |i snkČSP 2594/2000 |l 0 |o snkČSD 1920/5/1995 |p 17A0335916 |r 2005-01-02 00:00:00 |t č. 1-2 |w 2026-02-21 |y PREZ | ||
| 952 | |0 0 |1 0 |4 0 |7 0 |a SNK |b SNK |d 2002-05-31 |l 0 |o snkČSD 1920/9/1999 D1 |p 17A0344642 |r 2005-01-02 00:00:00 |t č. 1-2 |w 2026-02-21 |y PREZ | ||
| 952 | |0 0 |1 0 |4 0 |7 0 |a SNK |b SNK |d 2002-07-19 |i snkČSP 2595/2000 |l 0 |o snkČSD 1920/5/1995 D1 |p 17A0269472 |r 2005-01-02 00:00:00 |t č. 1-2 |w 2026-02-21 |y PREZ | ||
| 952 | |0 0 |1 0 |4 0 |7 0 |a SNK |b SNK |d 2003-04-25 |f 1 |i snkČSP 3471/94 |l 0 |o snkČSD 1920/1/1991 |p 17A0381413 |r 2005-01-02 00:00:00 |t č. 1-2 |w 2026-02-21 |y PREZ | ||
| 952 | |0 0 |1 0 |4 0 |7 0 |a SNK |b SNK |d 2003-04-25 |f 1 |i snkČSP 3473/94 |l 0 |o snkČSD 1920/2/1992 |p 17A0381360 |r 2005-01-02 00:00:00 |t č. 1-2 |w 2026-02-21 |y PREZ | ||
| 952 | |0 0 |1 0 |4 0 |7 0 |a SNK |b SNK |d 2003-04-25 |f 1 |i snkČSP 2590/2000 |l 0 |o snkČSD 1920/3/1993 |p 17A0381412 |r 2005-01-02 00:00:00 |t č. 1-2 |w 2026-02-21 |y PREZ | ||
| 952 | |0 0 |1 0 |4 0 |7 0 |a SNK |b SNK |d 2003-04-25 |f 1 |i snkČSP 2592/2000 |l 0 |o snkČSD 1920/4/1994 |p 17A0381359 |r 2005-01-02 00:00:00 |t č. 1-2 |w 2026-02-21 |y PREZ | ||
| 952 | |0 0 |1 0 |4 0 |7 0 |a SNK |b SNK |d 2003-04-25 |f 1 |i snkČSP 2588/2000 |l 0 |o snkČSD 1920/6/1996 |p 17A0381151 |r 2005-01-02 00:00:00 |t č. 1-2 |w 2026-02-21 |y PREZ | ||
| 952 | |0 0 |1 0 |4 0 |7 0 |a SNK |b SNK |d 2003-04-25 |f 1 |i snkČSP 2584/2000 |l 0 |o snkČSD 1920/9/1999 |p 17A0381361 |r 2005-01-02 00:00:00 |t č. 1-2 |w 2026-02-21 |y PREZ | ||
| 952 | |0 0 |1 0 |4 0 |7 0 |a SNK |b SNK |d 2003-10-18 |i snkČSP 2586/2000 |l 0 |o snkČSD 1920/8/1998 D1 |p 17A0400930 |r 2005-01-02 00:00:00 |t č. 1-2 |w 2026-02-21 |y PREZ | ||
| 952 | |0 0 |1 0 |4 0 |7 0 |8 0 |a SNK |b SNK |d 2021-09-03 |f 1 |i snk2021/11485 |l 0 |o snkČSD 1920/30/2020 |p 17A1460400 |r 2026-02-21 21:39:28 |t č. 1-2 |w 2026-02-21 |y PREZ | ||
| 952 | |0 0 |1 0 |4 0 |7 0 |8 0 |a SNK |b SNK |d 2014-09-09 |i snk2014/18425 |l 0 |o snkČSD 1920/20/2010 D1 |p 17A1046716 |r 2026-02-21 21:44:46 |t č. 1-2 |w 2026-02-21 |y PREZ | ||
| 952 | |0 0 |1 0 |4 0 |7 0 |8 0 |a SNK |b SNK |d 2014-09-09 |f 1 |i snk2014/18427 |l 0 |o snkČSD 1920/21/2011 |p 17A1046718 |r 2026-02-21 21:44:46 |t č. 1-2 |w 2026-02-21 |y PREZ | ||
| 952 | |0 0 |1 0 |4 0 |7 0 |8 0 |a SNK |b SNK |d 2014-09-09 |i snk2014/18428 |l 0 |o snkČSD 1920/21/2011 D1 |p 17A1046717 |r 2026-02-21 21:44:46 |t č. 1-2 |w 2026-02-21 |y PREZ | ||
| 952 | |0 0 |1 0 |4 0 |7 0 |8 0 |a SNK |b SNK |d 2014-09-09 |f 1 |i snk2014/18429 |l 0 |o snkČSD 1920/22/2012 |p 17A1046719 |r 2026-02-21 21:44:46 |t č. 1-2 |w 2026-02-21 |y PREZ | ||
| 952 | |0 0 |1 0 |4 0 |7 0 |8 0 |a SNK |b SNK |d 2014-09-09 |i snk2014/18430 |l 0 |o snkČSD 1920/22/2012 D1 |p 17A1046720 |r 2026-02-21 21:44:50 |t č. 1-2 |w 2026-02-21 |y PREZ | ||
| 952 | |0 0 |1 0 |4 0 |7 0 |8 0 |a SNK |b SNK |d 2014-09-09 |f 1 |i snk2014/18431 |l 0 |o snkČSD 1920/23/2013 |p 17A1046721 |r 2026-02-21 21:44:50 |t č. 1-2 |w 2026-02-21 |y PREZ | ||
| 952 | |0 0 |1 0 |4 0 |7 0 |8 0 |a SNK |b SNK |d 2014-09-09 |i snk2014/18432 |l 0 |o snkČSD 1920/23/2013 D1 |p 17A1046722 |r 2026-02-21 21:44:50 |t č. 1-2 |w 2026-02-21 |y PREZ | ||
| 952 | |0 0 |1 0 |4 0 |7 0 |8 0 |a SNK |b SNK |d 2019-10-02 |f 1 |i snk2019/24806 |l 0 |o snkČSD 1920/27/2017 |p 17A1383957 |r 2026-02-21 21:52:26 |t č. 1-2 |w 2026-02-21 |y PREZ | ||
| 952 | |0 0 |1 0 |4 0 |7 0 |8 0 |a SNK |b SNK |d 2019-10-02 |f 1 |i snk2019/24808 |l 0 |o snkČSD 1920/28/2018 |p 17A1383958 |r 2026-02-21 21:52:32 |t č. 1-2 |w 2026-02-21 |y PREZ | ||
| 952 | |0 0 |1 0 |4 0 |7 0 |8 0 |a SNK |b SNK |d 2016-08-19 |f 1 |i snk2016/19629 |l 0 |o snkČSD 1920/25/2015 |p 17A1145979 |r 2026-02-21 22:02:52 |t č. 1-2 |w 2026-02-21 |y PREZ | ||
| 952 | |0 0 |1 0 |4 0 |7 0 |8 0 |a SNK |b SNK |d 2016-08-19 |i snk2016/19630 |l 0 |o snkČSD 1920/25/2015 D1 |p 17A1145980 |r 2026-02-21 22:02:52 |t č. 1-2 |w 2026-02-21 |y PREZ | ||
| 952 | |0 0 |1 0 |4 0 |7 0 |8 0 |a SNK |b SNK |d 2016-08-18 |f 1 |i snk2016/19577 |l 0 |o snkČSD 1920/24/2014 |p 17A1145977 |r 2026-02-21 22:02:55 |t č. 1-2 |w 2026-02-21 |y PREZ | ||
| 952 | |0 0 |1 0 |4 0 |7 0 |8 0 |a SNK |b SNK |d 2016-08-18 |i snk2016/19578 |l 0 |o snkČSD 1920/24/2014 D1 |p 17A1145978 |r 2026-02-21 22:02:55 |t č. 1-2 |w 2026-02-21 |y PREZ | ||
| 952 | |0 0 |1 0 |4 0 |7 0 |8 0 |a SNK |b SNK |d 2017-06-01 |f 1 |i snk2017/12706 |l 0 |o snkČSD 1920/26/2016 |p 17A1207457 |r 2026-02-21 22:17:54 |t č. 1-2 |w 2026-02-21 |y PREZ | ||
| 952 | |0 0 |1 0 |4 0 |7 0 |8 0 |a SNK |b SNK |d 2017-06-01 |i snk2017/12707 |l 0 |o snkČSD 1920/26/2016 D1 |p 17A1207458 |r 2026-02-21 22:17:54 |t č. 1-2 |w 2026-02-21 |y PREZ | ||
| 952 | |0 0 |1 0 |4 0 |7 0 |8 0 |a SNK |b SNK |d 2020-03-09 |i snk2020/5926 |l 0 |o snkČSD 1920/27/2017 D1 |p 17A1387106 |r 2026-02-21 22:29:27 |t č. 1-2 |w 2026-02-21 |y PREZ | ||
| 952 | |0 0 |1 0 |4 0 |7 0 |8 0 |a SNK |b SNK |d 2020-03-09 |i snk2020/5927 |l 0 |o snkČSD 1920/28/2018 D1 |p 17A1387107 |r 2026-02-21 22:29:27 |t č. 1-2 |w 2026-02-21 |y PREZ | ||
| 952 | |0 0 |1 0 |4 0 |7 0 |8 0 |a SNK |b SNK |d 2020-03-09 |f 1 |i snk2020/5928 |l 0 |o snkČSD 1920/29/2019 |p 17A1387108 |r 2026-02-21 22:29:27 |t č. 1-2 |w 2026-02-21 |y PREZ | ||


